[Event "Astana op"]
[Site "Astana"]
[Date "2017.07.23"]
[Round "3"]
[White "Sivuk, Vitaly"]
[Black "Amerkeshev, Madiyar"]
[Result "1-0"]
[WhiteElo "2515"]
[BlackElo "2209"]
[PlyCount "65"]
[EventDate "2017.07.21"]
[EventType "swiss"]
[EventRounds "9"]
[EventCountry "KAZ"]
[SourceTitle "CBM 179 Extra"]
[Source "ChessBase"]
[SourceDate "2017.08.23"]
[SourceVersion "1"]
[SourceVersionDate "2017.08.23"]
[SourceQuality "1"]

1. d4 Nf6 2. c4 g6 3. Nc3 Bg7 4. g3 0-0 5. Bg2 d6 6. Nf3 Nc6 7. 0-0 Bf5 8. d5 Na5 9. Nd2 c5 10. e4 Bd7 11. Qc2 a6 12. b3 b5 13. Bb2 Rb8 14. Rab1 Qc7 15. Ne2 bxc4 16. bxc4 e6 17. Nf4 Rbe8 18. Bc3 exd5 19. Bxf6 Bxf6 20. Nxd5 Qd8 21. Rb8 Nc6 22. Rxd8 Bxd8 23. Qb2 f5 24. Qb7 Rf7 25. exf5 Nd4 26. Nf4 Kg7 27. fxg6 hxg6 28. Qxa6 Bg5 29. Ne4 Bxf4 30. gxf4 Ne2+ 31. Kh1 Rh8 32. Qxd6 Kg8 33. Nf6+ 1-0

[Event "Pardubice Czech op-A 25th"]
[Site "Pardubice"]
[Date "2014.07.26"]
[Round "9"]
[White "Hansen, Mads Smith"]
[Black "Amerkeshev, Madiyar"]
[Result "1/2-1/2"]
[WhiteElo "2350"]
[BlackElo "2211"]
[PlyCount "107"]
[EventDate "2014.07.18"]
[EventType "swiss"]
[EventRounds "9"]
[EventCountry "CZE"]
[SourceTitle "CBM 161 Extra"]
[Source "ChessBase"]
[SourceDate "2014.08.29"]
[SourceVersion "1"]
[SourceVersionDate "2014.08.29"]
[SourceQuality "1"]

1. e4 e5 2. Nf3 Nc6 3. Bb5 Bc5 4. c3 Nf6 5. 0-0 0-0 6. d4 Bb6 7. Re1 exd4 8. e5 Nd5 9. cxd4 h6 10. Bc4 Nce7 11. Nc3 Nxc3 12. bxc3 d5 13. exd6 cxd6 14. Qe2 Qc7 15. Bb3 Ng6 16. Qd3 Kh8 17. h4 Bg4 18. Nh2 Qd7 19. Bc2 Bh5 20. Be3 f5 21. Nf1 Nxh4 22. Ng3 Bg6 23. f4 Rac8 24. d5 Qc7 25. Ne2 Rfe8 26. Bxb6 Qxb6+ 27. Nd4 Re4 28. Rab1 Qc5 29. Qg3 Rxe1+ 30. Qxe1 Qxc3 31. Qxc3 Rxc3 32. Rxb7 Rg3 33. Rb8+ Kh7 34. Ne6 Rxg2+ 35. Kf1 Bh5 36. Bxf5+ g6 37. Be4 Re2 38. Bd3 Rd2 39. Rb7+ Kg8 40. Bb5 Rd1+ 41. Kf2 Rd2+ 42. Ke3 Rxa2 43. Be8 Nf5+ 44. Kd3 Ra3+ 45. Kc2 Ra2+ 46. Kc3 Ra3+ 47. Kb4 Ra1 48. Bf7+ Kh7 49. Kc3 Ra3+ 50. Kb2 Ra6 51. Bxg6+ Kxg6 52. Nf8+ Kf6 53. Nh7+ Kg6 54. Nf8+ 1/2-1/2

[Event "Pardubice Czech op-A 25th"]
[Site "Pardubice"]
[Date "2014.07.25"]
[Round "8"]
[White "Amerkeshev, Madiyar"]
[Black "Schwarz, Dusan"]
[Result "1/2-1/2"]
[WhiteElo "2211"]
[BlackElo "2352"]
[PlyCount "118"]
[EventDate "2014.07.18"]
[EventType "swiss"]
[EventRounds "9"]
[EventCountry "CZE"]
[SourceTitle "CBM 161 Extra"]
[Source "ChessBase"]
[SourceDate "2014.08.29"]
[SourceVersion "1"]
[SourceVersionDate "2014.08.29"]
[SourceQuality "1"]

1. d4 d5 2. c4 c6 3. Nf3 Nf6 4. Qc2 dxc4 5. e4 b5 6. b3 cxb3 7. axb3 e6 8. Be2 Bb7 9. 0-0 Be7 10. Bd2 a5 11. e5 Nd5 12. Nc3 Nxc3 13. Bxc3 b4 14. Bd2 Nd7 15. Qe4 h6 16. Qg4 Kf8 17. Be3 Ba6 18. Bxa6 Rxa6 19. Rfc1 Qa8 20. d5 cxd5 21. Rc7 Qe8 22. Rac1 Ra8 23. Nd4 g6 24. Nxe6+ fxe6 25. Qxe6 Rd8 26. Qxd5 Rh7 27. h3 h5 28. Qe4 Qf7 29. e6 Nf6 30. Qe5 Qg8 31. Rxe7 Rxe7 32. Qxf6+ Ke8 33. Rc6 Qg7 34. Qg5 a4 35. Qb5 Kf8 36. Qxb4 axb3 37. Qxb3 Qa1+ 38. Kh2 Qe5+ 39. g3 h4 40. Bc5 hxg3+ 41. Qxg3 Qxg3+ 42. Kxg3 Ke8 43. Kf4 Rh7 44. Kg5 Rxh3 45. Kxg6 Rf3 46. Be3 Rxe3 47. fxe3 Ke7 48. Kf5 Rd5+ 49. Kf4 Ra5 50. Ke4 Ra4+ 51. Kd5 Ra5+ 52. Rc5 Rxc5+ 53. Kxc5 Kxe6 54. Kd4 Kd6 55. e4 Ke6 56. e5 Ke7 57. Kd5 Kd7 58. e6+ Ke7 59. Ke5 Ke8 1/2-1/2

[Event "Pardubice Infinity op 25th"]
[Site "Pardubice"]
[Date "2014.07.16"]
[Round "7"]
[White "Reutsky, Sergei"]
[Black "Amerkeshev, Madiyar"]
[Result "1-0"]
[WhiteElo "2387"]
[BlackElo "2211"]
[PlyCount "71"]
[EventDate "2014.07.11"]
[EventType "swiss"]
[EventRounds "7"]
[EventCountry "CZE"]
[SourceTitle "EXT 2015"]
[Source "ChessBase"]
[SourceDate "2014.11.20"]
[SourceVersion "1"]
[SourceVersionDate "2014.11.20"]
[SourceQuality "1"]

1. Nf3 b6 2. e4 Bb7 3. Bd3 g6 4. 0-0 Bg7 5. Qe2 e6 6. c3 Ne7 7. Bc2 0-0 8. d4 d6 9. Rd1 Nd7 10. Bf4 Qe8 11. Ba4 Bc6 12. Bxc6 Nxc6 13. Qc4 Nf6 14. Nbd2 Qd7 15. Qe2 b5 16. h3 a5 17. e5 Nd5 18. Bg3 Nce7 19. Ne4 Nc8 20. a4 bxa4 21. c4 f5 22. cxd5 fxe4 23. Qxe4 Nb6 24. dxe6 Qxe6 25. Rac1 dxe5 26. Rxc7 Qd5 27. Bxe5 Bxe5 28. Qxe5 Rf7 29. Rxf7 Qxf7 30. Ng5 Qd5 31. Qe7 Qd7 32. Qc5 Nd5 33. Re1 Qf5 34. Re5 Qb1+ 35. Kh2 Nf6 36. Qc4+ 1-0

[Event "USA tt"]
[Site "ICC INT"]
[Date "2013.10.16"]
[Round "8"]
[White "Amerkeshev, Madiyar"]
[Black "Omori, Michael"]
[Result "1-0"]
[WhiteElo "2228"]
[BlackElo "2191"]
[PlyCount "109"]
[EventDate "2013.08.27"]
[EventType "team-tourn"]
[EventRounds "10"]
[EventCountry "USA"]
[SourceTitle "EXT 2014"]
[Source "ChessBase"]
[SourceDate "2013.11.20"]
[SourceVersion "1"]
[SourceVersionDate "2013.11.20"]
[SourceQuality "1"]
[WhiteTeam "Los Angeles"]
[BlackTeam "Seattle"]
[WhiteTeamCountry "USA"]
[BlackTeamCountry "USA"]

1. d4 Nf6 2. c4 g6 3. Nc3 Bg7 4. e4 d6 5. Bg5 0-0 6. Qd2 c5 7. d5 Qa5 8. Bd3 Re8 9. Nge2 a6 10. 0-0 Nbd7 11. f4 b5 12. cxb5 axb5 13. Ng3 c4 14. Bc2 Ng4 15. Kh1 Qb6 16. Nd1 b4 17. h3 Ngf6 18. Ne3 Ba6 19. Rfe1 h6 20. Bh4 Nh7 21. Nd1 c3 22. bxc3 bxc3 23. Qc1 Bc4 24. a4 Nc5 25. Ne2 Qa5 26. Bf2 Rec8 27. Nd4 e6 28. dxe6 Nxe6 29. Nxe6 Bxe6 30. Ne3 Nf6 31. f5 Bd7 32. fxg6 fxg6 33. e5 dxe5 34. Bxg6 e4 35. Bh4 Qe5 36. Rf1 Ra6 37. Qc2 Rb8 38. Qe2 Rc6 39. Rad1 Be6 40. Bxf6 Bxf6 41. Ng4 Bxg4 42. Qxg4 Qg5 43. Qxe4 Rbc8 44. Be8 R6c7 45. Qe6+ Kh8 46. Rxf6 c2 47. Rxh6+ Rh7 48. Rxh7+ Kxh7 49. Qf7+ Kh8 50. Qf8+ Qg8 51. Qxg8+ Kxg8 52. Rc1 Rxe8 53. Rxc2 Re1+ 54. Kh2 Ra1 55. Rc4 1-0

[Event "USA tt"]
[Site "ICC INT"]
[Date "2013.09.25"]
[Round "5"]
[White "Mateer, Amanda Rae"]
[Black "Amerkeshev, Madiyar"]
[Result "1/2-1/2"]
[WhiteElo "2091"]
[BlackElo "2228"]
[PlyCount "78"]
[EventDate "2013.08.27"]
[EventType "team-tourn"]
[EventRounds "10"]
[EventCountry "USA"]
[SourceTitle "CBM 156 Extra"]
[Source "ChessBase"]
[SourceDate "2013.10.22"]
[SourceVersion "1"]
[SourceVersionDate "2013.10.22"]
[SourceQuality "1"]
[WhiteTeam "Arizona"]
[BlackTeam "Los Angeles"]
[WhiteTeamCountry "USA"]
[BlackTeamCountry "USA"]

1. d4 Nf6 2. c4 e6 3. Nf3 Bb4+ 4. Bd2 c5 5. Bxb4 cxb4 6. g3 b6 7. Bg2 Bb7 8. 0-0 0-0 9. a3 Qe7 10. axb4 Qxb4 11. b3 d5 12. Ne5 Nbd7 13. Ra4 Qe7 14. Nc3 a6 15. Qa1 Rfc8 16. Rd1 Qd6 17. f4 h5 18. Bf3 g6 19. b4 Qc7 20. c5 bxc5 21. bxc5 Nxc5 22. Nxd5 Bxd5 23. dxc5 Qxc5+ 24. Kh1 Bxf3+ 25. exf3 Nd5 26. Rxa6 Rxa6 27. Qxa6 h4 28. Nxg6 h3 29. Nh4 Ne3 30. Re1 Qc2 31. Qa5 Nf5 32. Rg1 Qf2 33. Qe1 Qxe1 34. Rxe1 Nxh4 35. gxh4 Kg7 36. Rg1+ Kh6 37. Rg3 Rc1+ 38. Rg1 Rc4 39. Rg3 Rc1+ 1/2-1/2

[Event "Los Angeles Metropolitan 29th"]
[Site "Los Angeles"]
[Date "2013.08.17"]
[Round "6"]
[White "Amerkeshev, Madiyar"]
[Black "Korba, Nicky"]
[Result "1/2-1/2"]
[WhiteElo "2228"]
[BlackElo "2020"]
[PlyCount "76"]
[EventDate "2013.08.14"]
[EventType "tourn"]
[EventRounds "9"]
[EventCountry "USA"]
[EventCategory "1"]
[SourceTitle "CBM 156 Extra"]
[Source "ChessBase"]
[SourceDate "2013.10.22"]
[SourceVersion "1"]
[SourceVersionDate "2013.10.22"]
[SourceQuality "1"]

1. e4 c5 2. Nf3 Nc6 3. Nc3 g6 4. Bc4 Bg7 5. a3 Nf6 6. d3 0-0 7. 0-0 d6 8. h3 a6 9. Ba2 b5 10. Ne2 a5 11. Ng3 Ne8 12. c3 b4 13. d4 Nc7 14. Be3 cxd4 15. cxd4 d5 16. Rc1 Bb7 17. Bf4 e5 18. Bg5 Qd7 19. exd5 Nxd4 20. Nxd4 exd4 21. Ne4 Nxd5 22. Nc5 Qf5 23. Qg4 Qxg4 24. hxg4 Bc6 25. Nd3 Bb7 26. Nc5 Bc6 27. Ne6 fxe6 28. Rxc6 Rfe8 29. Rxe6 Rxe6 30. Bxd5 Rae8 31. Re1 Kf7 32. f4 h6 33. Bh4 g5 34. fxg5 hxg5 35. Rxe6 Rxe6 36. Bxg5 bxa3 37. bxa3 Kg6 38. Bxe6 Kxg5 1/2-1/2

[Event "Los Angeles Metropolitan qual 28th"]
[Site "Los Angeles"]
[Date "2013.05.19"]
[Round "5"]
[White "Amerkeshev, Madiyar"]
[Black "Korba, Nicky"]
[Result "1-0"]
[WhiteElo "2191"]
[BlackElo "2008"]
[PlyCount "53"]
[EventDate "2013.05.17"]
[EventType "swiss"]
[EventRounds "5"]
[EventCountry "USA"]
[SourceTitle "EXT 2014"]
[Source "ChessBase"]
[SourceDate "2013.11.20"]
[SourceVersion "1"]
[SourceVersionDate "2013.11.20"]
[SourceQuality "1"]

1. e4 d6 2. Nf3 Bg4 3. d4 e6 4. Bd3 d5 5. exd5 Qxd5 6. Nbd2 Nf6 7. 0-0 Bd6 8. h3 Bxf3 9. Nxf3 Nbd7 10. c4 Qh5 11. Be3 c6 12. Be2 Qa5 13. c5 Bb8 14. b4 Qc7 15. Rb1 Nd5 16. Bd2 g5 17. b5 h5 18. bxc6 bxc6 19. Bxg5 Nc3 20. Qc2 Nxb1 21. Rxb1 a5 22. Bc4 Nf8 23. Qe4 Qd7 24. Bb5 cxb5 25. Qxa8 Qc7 26. Rxb5 Nd7 27. Rb7 1-0

[Event "Los Angeles Metropolitan qual 28th"]
[Site "Los Angeles"]
[Date "2013.05.18"]
[Round "3"]
[White "Shuben, Matthew"]
[Black "Amerkeshev, Madiyar"]
[Result "1/2-1/2"]
[WhiteElo "1850"]
[BlackElo "2191"]
[PlyCount "71"]
[EventDate "2013.05.17"]
[EventType "swiss"]
[EventRounds "5"]
[EventCountry "USA"]
[SourceTitle "EXT 2014"]
[Source "ChessBase"]
[SourceDate "2013.11.20"]
[SourceVersion "1"]
[SourceVersionDate "2013.11.20"]
[SourceQuality "1"]

1. e4 c5 2. Nf3 Nc6 3. d4 cxd4 4. Nxd4 Qc7 5. Nc3 e6 6. g3 a6 7. Bg2 Nf6 8. 0-0 Nxd4 9. Qxd4 Bc5 10. Qd3 Ng4 11. Qe2 h5 12. h3 Qxg3 13. hxg4 hxg4 14. Rd1 Bxf2+ 15. Qxf2 Rh1+ 16. Kxh1 Qxf2 17. Bd2 Qh4+ 18. Kg1 d6 19. Be1 g3 20. Rd3 Qh2+ 21. Kf1 Bd7 22. Bxg3 Qh5 23. Bxd6 0-0-0 24. Rad1 Bc6 25. Bg3 Rh8 26. Bf2 Qa5 27. a3 Qc7 28. a4 Qf4 29. b4 b5 30. Rd6 Bb7 31. axb5 axb5 32. Rb6 Rh5 33. Nxb5 Rxb5 34. Rxb5 Ba6 35. c4 Bxb5 36. cxb5 1/2-1/2

[Event "Los Angeles Metropolitan 26th"]
[Site "Los Angeles"]
[Date "2013.05.12"]
[Round "10"]
[White "Amerkeshev, Madiyar"]
[Black "Amanov, Zhanibek"]
[Result "1/2-1/2"]
[WhiteElo "2191"]
[BlackElo "2375"]
[PlyCount "39"]
[EventDate "2013.05.08"]
[EventType "tourn"]
[EventRounds "10"]
[EventCountry "USA"]
[EventCategory "7"]
[SourceTitle "CBM 154 Extra"]
[Source "ChessBase"]
[SourceDate "2013.06.25"]
[SourceVersion "2"]
[SourceVersionDate "2013.06.25"]
[SourceQuality "1"]

1. e4 e5 2. d4 exd4 3. c3 dxc3 4. Nxc3 Nc6 5. Bc4 d6 6. Nf3 Be6 7. Bxe6 fxe6 8. Be3 Nf6 9. Qb3 Qd7 10. Qxb7 Rb8 11. Qa6 Be7 12. 0-0 0-0 13. Rab1 Ng4 14. Qe2 Nxe3 15. Qxe3 Bf6 16. Rfc1 a5 17. b3 Ne5 18. Nxe5 Bxe5 19. g3 c5 20. Ne2 1/2-1/2

[Event "Los Angeles Metropolitan 26th"]
[Site "Los Angeles"]
[Date "2013.05.09"]
[Round "3"]
[White "Kretchetov, Alexandre"]
[Black "Amerkeshev, Madiyar"]
[Result "0-1"]
[WhiteElo "2271"]
[BlackElo "2191"]
[PlyCount "110"]
[EventDate "2013.05.08"]
[EventType "tourn"]
[EventRounds "10"]
[EventCountry "USA"]
[EventCategory "7"]
[SourceTitle "CBM 154 Extra"]
[Source "ChessBase"]
[SourceDate "2013.06.25"]
[SourceVersion "2"]
[SourceVersionDate "2013.06.25"]
[SourceQuality "1"]

1. d4 Nf6 2. Bg5 e6 3. e4 h6 4. Bxf6 Qxf6 5. c3 d6 6. Bd3 e5 7. Ne2 Nc6 8. 0-0 exd4 9. cxd4 Qd8 10. Nbc3 Be7 11. Rc1 a6 12. a3 0-0 13. Bb1 Re8 14. Nd5 Bf8 15. Qd3 g6 16. Rfd1 Bg7 17. Qg3 Bd7 18. f4 Rc8 19. h4 Ne7 20. Ne3 h5 21. f5 gxf5 22. exf5 Nc6 23. Nf4 Rxe3 24. Qxe3 Qxh4 25. f6 Bxf6 26. Qe4 Kf8 27. Rf1 Bf5 28. Ng6+ fxg6 29. Qxh4 Bxh4 30. Bxf5 gxf5 31. Rxf5+ Kg7 32. Rxh5 Bf6 33. d5 Bxb2 34. Rb1 Bd4+ 35. Kh1 Nd8 36. Rb4 Kg6 37. Rh3 c5 38. dxc6 Nxc6 39. Rxb7 Ne5 40. Kh2 Ng4+ 41. Kg3 Kg5 42. Kf3 Re8 43. Rb3 d5 44. Rg3 Re4 45. a4 Kf5 46. Rh3 Ne5+ 47. Kg3 Rg4+ 48. Kh2 Rg5 49. Rh7 Ng4+ 50. Kh3 Nf2+ 51. Kh2 Ng4+ 52. Kh3 Ne3 53. Re7 Nxg2 54. Rf3+ Nf4+ 55. Kh2 Rh5+ 0-1

[Event "Los Angeles Metropolitan 26th"]
[Site "Los Angeles"]
[Date "2013.05.08"]
[Round "1"]
[White "Sevillano, Enrico"]
[Black "Amerkeshev, Madiyar"]
[Result "1-0"]
[WhiteElo "2500"]
[BlackElo "2191"]
[PlyCount "157"]
[EventDate "2013.05.08"]
[EventType "tourn"]
[EventRounds "10"]
[EventCountry "USA"]
[EventCategory "7"]
[SourceTitle "CBM 154 Extra"]
[Source "ChessBase"]
[SourceDate "2013.06.25"]
[SourceVersion "2"]
[SourceVersionDate "2013.06.25"]
[SourceQuality "1"]

1. e4 e5 2. Nf3 Nc6 3. Bb5 a6 4. Ba4 d6 5. c3 Bd7 6. 0-0 Nge7 7. d4 Ng6 8. Be3 Be7 9. dxe5 dxe5 10. Nbd2 0-0 11. Bb3 Kh8 12. Bd5 f6 13. Nb3 b6 14. Qe2 Qe8 15. Rfe1 a5 16. Rad1 a4 17. Nc1 Ra5 18. b4 axb3 19. axb3 Nd8 20. b4 Ra3 21. Qb2 Ra7 22. Ne2 Ne6 23. Qd2 Bd8 24. Ra1 Rxa1 25. Rxa1 Be7 26. Ra8 Qf7 27. Ra7 Bd6 28. Ng3 Rd8 29. Nf5 Qf8 30. g3 Bc8 31. Qa2 Qe8 32. Ra8 Ngf8 33. Bxb6 g6 34. Nxd6 Rxd6 35. Be3 Kg7 36. b5 g5 37. Qa7 Rd7 38. Qa1 Rd8 39. c4 Bd7 40. Rxd8 Nxd8 41. Qa8 c6 42. bxc6 Nxc6 43. Qb7 Nd8 44. Qc7 Nfe6 45. Qa7 Kh8 46. Qb8 Kg7 47. c5 Qe7 48. Qa7 Kf8 49. Qa8 Qe8 50. h4 h6 51. hxg5 hxg5 52. Kg2 Nc6 53. Qa6 Ned8 54. Ng1 Ne6 55. Ne2 Ned8 56. Bc4 Qh5 57. Ng1 Qd1 58. Bd5 Qh5 59. Bd2 Qe8 60. Be3 Qh5 61. Qb6 Qe8 62. Ba2 Be6 63. Bxe6 Qxe6 64. Qb5 Qa2 65. Qd3 Kg7 66. Nf3 Qe6 67. Nd2 Nf7 68. Nc4 Nb4 69. Qc3 Nc6 70. Nb6 Qe7 71. Qd3 Nb4 72. Qd2 Nc6 73. Qd5 Qe8 74. Nc4 Nb4 75. Qb7 Nc2 76. Nd6 Ne1+ 77. Kf1 Qa4 78. Qxf7+ Kh8 79. Qxf6+ 1-0

[Event "Los Angeles Metropolitan 22nd"]
[Site "Los Angeles"]
[Date "2012.08.17"]
[Round "7"]
[White "Peters, Jack"]
[Black "Amerkeshev, Madiyar"]
[Result "1-0"]
[WhiteElo "2355"]
[BlackElo "2153"]
[PlyCount "111"]
[EventDate "2012.08.14"]
[EventType "swiss"]
[EventRounds "9"]
[EventCountry "USA"]
[SourceTitle "CBM 150 Extra"]
[Source "ChessBase"]
[SourceDate "2012.10.19"]
[SourceVersion "1"]
[SourceVersionDate "2012.10.19"]
[SourceQuality "1"]

1. e4 e5 2. Nf3 Nc6 3. Bb5 a6 4. Ba4 d6 5. 0-0 Bd7 6. c3 g6 7. d4 Bg7 8. d5 Nce7 9. c4 h6 10. Nc3 f5 11. exf5 gxf5 12. Nh4 Nf6 13. f4 0-0 14. fxe5 dxe5 15. Bb3 f4 16. c5 Nf5 17. d6+ Kh7 18. Bc2 Ne8 19. Nxf5 Bxf5 20. d7 Qe7 21. dxe8Q Qxc5+ 22. Kh1 Raxe8 23. Bxf5+ Rxf5 24. Qd3 e4 25. Nxe4 Qb5 26. Qxb5 axb5 27. g4 Rfe5 28. Nf2 Re2 29. Nd3 Bd4 30. Bxf4 c5 31. Rad1 b6 32. Bd2 b4 33. Nf4 R2e4 34. a3 b3 35. Bc1 Rf8 36. Rde1 Rxe1 37. Rxe1 Bxb2 38. Bxb2 Rxf4 39. Kg2 Rxg4+ 40. Kf3 Rc4 41. Rg1 h5 42. Rg7+ Kh6 43. Rb7 Rc2 44. Rxb6+ Kg5 45. Rxb3 Rxh2 46. Rb5 Rc2 47. Bd4 Kf5 48. Bxc5 Rc3+ 49. Be3+ Ke6 50. a4 Ra3 51. a5 h4 52. Rh5 h3 53. a6 Kd7 54. a7 Kc6 55. Rxh3 Kb7 56. Rh8 1-0

[Event "Los Angeles Metropolitan 22nd"]
[Site "Los Angeles"]
[Date "2012.08.16"]
[Round "5"]
[White "Amerkeshev, Madiyar"]
[Black "He, Tommy O"]
[Result "1-0"]
[WhiteElo "2153"]
[BlackElo "1982"]
[PlyCount "113"]
[EventDate "2012.08.14"]
[EventType "swiss"]
[EventRounds "9"]
[EventCountry "USA"]
[SourceTitle "CBM 150 Extra"]
[Source "ChessBase"]
[SourceDate "2012.10.19"]
[SourceVersion "1"]
[SourceVersionDate "2012.10.19"]
[SourceQuality "1"]

1. d4 e6 2. c4 Nf6 3. Nc3 Bb4 4. e3 b6 5. Bd3 Bb7 6. Nge2 Bxg2 7. Rg1 Bf3 8. Qc2 Bd6 9. Ng3 Bb7 10. a3 Bxg3 11. Rxg3 Nh5 12. Rg1 Qh4 13. e4 Qxh2 14. Ne2 Nc6 15. Be3 Qd6 16. f4 Qf8 17. 0-0-0 0-0-0 18. d5 Ne7 19. Nd4 g6 20. Kb1 Kb8 21. Rc1 Rc8 22. Qa4 d6 23. c5 dxc5 24. Nc6+ Nxc6 25. dxc6 Bxc6 26. Qxc6 Qe8 27. Rxc5 Qxc6 28. Rxc6 Rcd8 29. Be2 Nf6 30. Rc4 Rhe8 31. Rgc1 Re7 32. Bf3 Rd3 33. R1c3 Rxc3 34. Rxc3 h5 35. Bd4 Nd7 36. e5 Re8 37. Bc6 Rd8 38. Bf2 Nf8 39. Kc2 Nh7 40. Be4 Nf8 41. b4 Nd7 42. Bh4 Rg8 43. Bc6 Kc8 44. Rd3 Nb8 45. b5 Nxc6 46. bxc6 a6 47. a4 Rf8 48. Kb3 Kb8 49. Kb4 Ka7 50. Rd7 Kb8 51. Kc4 Kc8 52. a5 bxa5 53. Kb3 Kb8 54. Ka4 Kc8 55. Kxa5 Kb8 56. Kxa6 Kc8 57. Ka7 1-0

[Event "Sofia Grigorov Memorial 6th"]
[Site "Sofia"]
[Date "2008.01.11"]
[Round "7"]
[White "Stamenov, Valeri"]
[Black "Amerkeshev, Madiyar"]
[Result "1/2-1/2"]
[WhiteElo "1965"]
[BlackElo "2167"]
[PlyCount "31"]
[EventDate "2008.01.06"]
[EventType "swiss"]
[EventRounds "7"]
[EventCountry "BUL"]
[SourceTitle "CBM 122 Extra"]
[Source "ChessBase"]
[SourceDate "2008.03.04"]
[SourceVersion "1"]
[SourceVersionDate "2008.03.04"]
[SourceQuality "1"]

1. e4 e5 2. Nf3 Nc6 3. Bc4 Nf6 4. d4 exd4 5. 0-0 Nxe4 6. Re1 d5 7. Bxd5 Qxd5 8. Nc3 Qh5 9. Nxe4 Be6 10. Bg5 Bd6 11. Nxd6+ cxd6 12. Bf4 Qd5 13. c3 d3 14. Re3 0-0 15. Qxd3 Qxd3 16. Rxd3 1/2-1/2

[Event "Kesarovski Georgiev Memorial 6th"]
[Site "Sunny Beach"]
[Date "2007.09.17"]
[Round "8"]
[White "Bach, Adrian"]
[Black "Amerkeshev, Madiyar"]
[Result "0-1"]
[WhiteElo "2276"]
[BlackElo "2132"]
[PlyCount "46"]
[EventDate "2007.09.10"]
[EventType "swiss"]
[EventRounds "9"]
[EventCountry "BUL"]
[SourceTitle "CBM 120 Extra"]
[Source "ChessBase"]
[SourceDate "2007.11.01"]
[SourceVersion "1"]
[SourceVersionDate "2007.11.01"]
[SourceQuality "1"]

1. e4 e5 2. Nf3 Nc6 3. Bb5 a6 4. Ba4 d6 5. c3 f5 6. exf5 Bxf5 7. 0-0 Bd3 8. Re1 Be7 9. Bc2 Bxc2 10. Qxc2 Nf6 11. d4 e4 12. Ng5 d5 13. f3 h6 14. Nh3 0-0 15. fxe4 Nxe4 16. Nd2 Bh4 17. g3 Nxg3 18. hxg3 Bxg3 19. Re2 Qh4 20. Qg6 Rf6 21. Re8+ Rxe8 22. Qxe8+ Kh7 23. Qd7 Be1 0-1

[Event "Saratov Aratovsky Memorial 6th"]
[Site "Saratov"]
[Date "2006.12.05"]
[Round "9"]
[White "Onoprijchuk, Boris"]
[Black "Amerkeshev, Madiyar"]
[Result "1-0"]
[WhiteElo "2335"]
[BlackElo "2200"]
[PlyCount "55"]
[EventDate "2006.11.27"]
[EventType "swiss"]
[EventRounds "9"]
[EventCountry "RUS"]
[SourceTitle "EXT 2008"]
[Source "ChessBase"]
[SourceDate "2007.11.25"]
[SourceVersion "1"]
[SourceVersionDate "2007.11.25"]
[SourceQuality "1"]

1. e4 c5 2. c3 d6 3. d4 Nf6 4. Bd3 Nc6 5. Nf3 Bg4 6. d5 Bxf3 7. gxf3 Ne5 8. Be2 g6 9. c4 Bg7 10. Nc3 a6 11. Be3 0-0 12. h4 h5 13. Qd2 Qa5 14. Rh3 Rfb8 15. a4 b5 16. cxb5 axb5 17. Nxb5 Qd8 18. Kf1 c4 19. Ra3 Rc8 20. Kg2 Ned7 21. Na7 Ne5 22. Nxc8 Qxc8 23. Rh1 e6 24. dxe6 Qxe6 25. Rd1 Rd8 26. a5 d5 27. a6 Qe8 28. a7 1-0

[Event "Saratov Aratovsky Memorial 6th"]
[Site "Saratov"]
[Date "2006.12.03"]
[Round "7"]
[White "Rodchenkov, Vitaly"]
[Black "Amerkeshev, Madiyar"]
[Result "1-0"]
[WhiteElo "2375"]
[BlackElo "2200"]
[PlyCount "79"]
[EventDate "2006.11.27"]
[EventType "swiss"]
[EventRounds "9"]
[EventCountry "RUS"]
[SourceTitle "EXT 2008"]
[Source "ChessBase"]
[SourceDate "2007.11.25"]
[SourceVersion "1"]
[SourceVersionDate "2007.11.25"]
[SourceQuality "1"]

1. e4 e5 2. Nf3 Nc6 3. Bb5 a6 4. Ba4 d6 5. 0-0 Bg4 6. h3 h5 7. Bxc6+ bxc6 8. d4 Qf6 9. hxg4 hxg4 10. Ng5 Qh6 11. f4 f6 12. Qxg4 fxg5 13. fxe5 dxe5 14. Bxg5 Qh2+ 15. Kf2 exd4 16. Nd2 Qh5 17. Qe6+ Ne7 18. Nf3 Qg6 19. Qxg6+ Nxg6 20. Nxd4 Bc5 21. Be3 0-0-0 22. Rad1 Ne5 23. Nf5 Ng4+ 24. Ke2 Rxd1 25. Rxd1 Nxe3 26. Nxe3 Re8 27. Nf5 Rxe4+ 28. Kf3 Rc4 29. c3 g6 30. Nd4 Bd6 31. g4 a5 32. Rh1 a4 33. a3 Be7 34. Ne6 Bd6 35. Rh7 Be5 36. Re7 Bf6 37. Rxc7+ Kb8 38. Rf7 Be5 39. Nf8 Bd6 40. Nd7+ 1-0